| 000 | 02208cam a2200313 4500500 | ||
|---|---|---|---|
| 005 | 20251228062621.0 | ||
| 041 | _afre | ||
| 042 | _adc | ||
| 100 | 1 | 0 |
_aDesrosiers, Marie-Eve _eauthor |
| 700 | 1 | 0 |
_aNdayikengurutse, Guillaume _eauthor |
| 700 | 1 | 0 |
_aBouka, Yolande _eauthor |
| 245 | 0 | 0 | _aLa contestation politique de 2015 au Burundi |
| 260 | _c2028. | ||
| 500 | _a79 | ||
| 520 | _aThe 2015 episode of political protest in Burundi has often been studied in ways that neglect the individual and local realities of the contestation, whereas mobilization is instead largely framed around the political logics of certain key political actors and activists. It is a bias also found in political protest scholarship more broadly. Building on scholarship looking at micro or bottom-up dynamics, this article looks at the relationships between activists and citizens in the 2015 events, as well as the motivations and forms of protest as seen from the citizens’ perspective. | ||
| 520 | _aLa contestation au Burundi en 2015 a souvent été étudiée de manière à négliger les réalités individuelles et locales de ce mouvement contestataire, cadrant la mobilisation autour des logiques politiques de certains acteurs politiques et activistes clés. Il s’agit d’ailleurs d’un biais plus large des travaux sur les mouvements contestataires. S’appuyant sur les apports de la littérature portant sur les réalités micrologiques ou « par le bas », l’article se penche sur les relations entre les activistes et citoyens dans le cadre de la mobilisation de 2015, ainsi que sur les motivations et formes de contestation vues de l’angle des citoyens. | ||
| 690 | _aAfrique | ||
| 690 | _aBurundi | ||
| 690 | _aContestation politique | ||
| 690 | _aManifestation | ||
| 690 | _aMouvements sociaux | ||
| 690 | _aAfrica | ||
| 690 | _aBurundi | ||
| 690 | _aPolitical Contestation | ||
| 690 | _aProtest | ||
| 690 | _aSocial Movements | ||
| 786 | 0 | _nRevue internationale de politique comparée | Pub. anticipées | 2028-03-23 | p. I-XXVIII | 1370-0731 | |
| 856 | 4 | 1 | _uhttps://shs.cairn.info/revue-internationale-de-politique-comparee-2025-0-page-I0005?lang=fr&redirect-ssocas=7080 |
| 999 |
_c1588701 _d1588701 |
||